000 00603nam a22002057a 4500
999 _c16577
_d16577
003 OSt
005 20171011090513.0
008 171011b xxu||||| |||| 00| 0 eng d
020 _a088390201X
040 _aKABU
_cKABU
050 _aHD69
_b.C6L57 1986
100 _aLippitt, Gordon
245 _aThe Consulting process in action /
_cGordon Lippitt, Ronald Lippitt
250 _a2nd ed.
260 _aSan Francisco, CA
_bJossey-Bass/Pfeiffer
_c1986
300 _aix, 213 p.
650 _aBusiness consultants
700 _aLippitt, Ronald
942 _2lcc
_cBK
_hHD69
_i.C6L57 1986